000 00496nam a22001697a 4500
999 _c9050
_d9050
008 210320b ||||| |||| 00| 0 eng d
040 _aBMS College of Archtiecture
100 _aRavi, Krithikaa
245 _aRejuvenation center
300 _a52p.
500 _a1BM07AT019
502 _8B.Arch
_NBMS College of Architecture, Visvesvaraya Technological University
_aProject report
_d2012
650 _aNA
700 _aShobha M N
_eGuide
700 _aK R Mudhu Chand
_eGuide
942 _2ddc
_cTHE